[Event "AUTO-OPEN-1741"]
[Site "http://www.queenalice.com/game.php?id=674357"]
[Date "2009.10.29"]
[Round "1"]
[White "ilcalabresse"]
[Black "EvoPerovich"]
[Result "1-0"]
[WhiteElo "1795"]
[BlackElo "1930"]

1. e4 e5 2. Nf3 Nc6 3. Bc4 Be7 4. d4 exd4 5. Nxd4 Ne5 6. Bb3 d6 7. f4 Ng6 8. O-O
Nf6 9. Nc3 Bg4 10. Qd3 c6 11. h3 Bd7 12. Bd2 Qc7 13. Rae1 O-O 14. Nf3 Rad8 15.
e5 dxe5 16. Nxe5 Bxh3 17. Qxh3 Rxd2 18. Nxg6 hxg6 19. Qg3 Nh5 20. Qe3 Bc5 21.
Qxc5 Nxf4 22. Re7 Nh3+ 23. Kh1 Qg3 24. Re2 Nf4 25. Rxd2 1-0

[Event "AUTO-OPEN-1741"]
[Site "http://www.queenalice.com/game.php?id=674358"]
[Date "2009.10.29"]
[Round "1"]
[White "EvoPerovich"]
[Black "ilcalabresse"]
[Result "1-0"]
[WhiteElo "1932"]
[BlackElo "1897"]

1. e4 c5 2. Nf3 e6 3. b3 d6 4. Bb2 Nf6 5. Bb5+ Bd7 6. Qe2 a6 7. Bxd7+ Nbxd7 8.
d4 cxd4 9. Nxd4 Nc5 10. Nd2 Be7 11. f4 e5 12. fxe5 dxe5 13. N4f3 Nfd7 14. Nxe5
Bf6 15. Ndc4 Nxe5 16. Nxe5 Qe7 17. Nc4 Bxb2 18. Nxb2 Qxe4 19. Qxe4+ Nxe4 20. O-O
O-O 21. Rae1 Nc3 22. a4 Nd5 23. Nc4 g6 24. Nd6 Rab8 25. Re5 Nb4 26. Re7 Nxc2 27.
Nxf7 Nd4 28. Nh6+ Kh8 29. Nf7+ Kg8 30. Nh6+ Kh8 31. Rd1 Rbd8 32. Nf7+ Kg8 33.
Nxd8 1-0

[Event "AUTO-INT-1416"]
[Site "http://www.queenalice.com/game.php?id=695467"]
[Date "2009.12.9"]
[Round "2"]
[White "Liesel"]
[Black "EvoPerovich"]
[Result "0-1"]
[WhiteElo "1753"]
[BlackElo "1943"]

1. e4 e5 2. Nf3 Nc6 3. Bb5 d6 4. d4 Bd7 5. d5 Nce7 6. Nc3 Nf6 7. Bxd7+ Nxd7 8.
O-O f5 9. Ng5 Nf6 10. Ne6 Qd7 11. Nb5 Kf7 12. a4 Nxe4 13. Nxf8 Rhxf8 14. Qh5+
Kg8 15. Be3 a6 16. f3 Nf6 17. Qh3 axb5 18. axb5 Nfxd5 19. Bd2 Qxb5 20. b3 Rxa1
21. Rxa1 Qe2 22. Bg5 Qxc2 23. b4 f4 24. Bxe7 Nxe7 25. Qe6+ Kh8 26. Qxe7 Rg8 27.
h3 Qc6 28. Rb1 Ra8 29. b5 Qc2 30. Rf1 h6 31. h4 Ra2 32. Qf8+ Kh7 33. Qf5+ Qxf5
34. g4 Qc2 0-1

[Event "AUTO-INT-1416"]
[Site "http://www.queenalice.com/game.php?id=695468"]
[Date "2009.12.9"]
[Round "2"]
[White "EvoPerovich"]
[Black "Liesel"]
[Result "1-0"]
[WhiteElo "1934"]
[BlackElo "1755"]

1. e4 e5 2. Nf3 Nc6 3. Bb5 Nf6 4. O-O Be7 5. d3 d5 6. Nxe5 O-O 7. Bxc6 bxc6 8.
Nxc6 Qd6 9. Nxe7+ Qxe7 10. exd5 Nxd5 11. Bd2 Qf6 12. Nc3 Nxc3 13. Bxc3 Qg6 14.
Qf3 Bg4 15. Qg3 c5 16. Rfe1 h5 17. Re5 Rae8 18. Rae1 f6 19. Rxe8 Rxe8 20. Rxe8+
Qxe8 21. h3 Be6 22. Bxf6 Qf7 23. Be5 Bxa2 24. d4 cxd4 25. Bxd4 a5 26. Qa3 Bd5
27. Qxa5 Qf5 28. c4 Qb1+ 29. Kh2 Bxc4 30. Qxh5 Bf7 31. Qg4 g6 32. Qc8+ 1-0

[Event "AUTO-INT-1416"]
[Site "http://www.queenalice.com/game.php?id=695471"]
[Date "2009.12.9"]
[Round "2"]
[White "SGF"]
[Black "EvoPerovich"]
[Result "0-1"]
[WhiteElo "1690"]
[BlackElo "1963"]

1. e4 d5 2. Qf3 dxe4 3. Qxe4 Nf6 4. Qf3 g6 5. d3 Bg7 6. Be2 Nc6 7. c3 O-O 8. h4
Qd6 9. Na3 Rd8 10. Qg3 Qxg3 11. fxg3 Ne5 12. Nf3 Nxd3+ 13. Bxd3 Rxd3 14. Nc4 Bg4
15. Nfe5 Rxg3 16. Nxg4 Rxg4 17. b3 Rxg2 18. Kf1 Rg3 19. Bf4 Rf3+ 20. Ke2 Rxf4
21. Rad1 e6 22. Ne5 Nd5 23. c4 Nc3+ 24. Ke3 Bxe5 25. h5 Nxd1+ 26. Rxd1 Rh4 27.
a4 Rxh5 28. b4 Kf8 29. c5 Ke7 30. b5 Rd8 31. Rc1 Bd4+ 32. Ke4 Bxc5 33. a5 Rd2
34. Kf3 Rh3+ 35. Kg4 Rh5 36. a6 b6 37. Kf3 Rh3+ 38. Kg4 Rb3 39. Rh1 h5+ 40. Kg5
Be3+ 41. Kh4 Bh6 42. Rh3 Rd4# 0-1

[Event "AUTO-INT-1416"]
[Site "http://www.queenalice.com/game.php?id=695472"]
[Date "2009.12.9"]
[Round "2"]
[White "EvoPerovich"]
[Black "SGF"]
[Result "1-0"]
[WhiteElo "1927"]
[BlackElo "1691"]

1. e4 e5 2. Nf3 Qf6 3. Bc4 d6 4. Nc3 c6 5. h3 Be7 6. d4 h6 7. O-O Qg6 8. Kh2 h5
9. dxe5 d5 10. exd5 Bg4 11. Qd3 Bxf3 12. Qxf3 Qxc2 13. dxc6 bxc6 14. Qxf7+ Kd7
15. Bg5 Nf6 16. exf6 gxf6 17. Rad1+ Kc7 18. Qxe7+ Kb6 19. Be3+ c5 20. Qxc5+ Kb7
21. Bd5+ Ka6 22. Qb5# 1-0

[Event "AUTO-INT-1416"]
[Site "http://www.queenalice.com/game.php?id=695473"]
[Date "2009.12.9"]
[Round "2"]
[White "MHRangel"]
[Black "EvoPerovich"]
[Result "0-1"]
[WhiteElo "1848"]
[BlackElo "1951"]

1. d4 Nf6 2. c4 e6 3. Nf3 c5 4. Nc3 cxd4 5. Nxd4 a6 6. e3 Be7 7. Bd3 O-O 8. O-O
d5 9. cxd5 Nxd5 10. Nxd5 exd5 11. Qc2 h6 12. Nf5 Bf6 13. Ng3 Nc6 14. e4 Nb4 15.
Qe2 Nxd3 16. Qxd3 dxe4 17. Qxd8 Rxd8 18. Nxe4 Be7 19. Be3 Be6 20. Nc3 Rd3 21.
Na4 Rc8 22. Rac1 Rxc1 23. Bxc1 Bxa2 24. Nc3 Bc4 25. h3 b5 26. Re1 Bf6 27. Be3
Bxc3 28. bxc3 Rxc3 29. Ra1 b4 30. Bd2 Rb3 31. Ra4 a5 32. Rxa5 Rb2 33. Be3 b3 34.
Ra4 Be6 35. Rb4 Rb1+ 36. Kh2 Rd1 37. Bd4 Kh7 38. Bc3 Rc1 39. Bd4 h5 40. Kg3 Rd1
41. Be5 g5 42. f3 Rd2 43. Bf6 Kg6 44. Bc3 h4+ 45. Kh2 Rc2 46. Bd4 Bc4 47. Rb6+
Kh7 48. Rb7 Bd5 49. Rb6 Bxf3 50. Bf6 Bxg2 51. Bxg5 Bd5+ 52. Kg1 Rg2+ 53. Kf1
Rxg5 0-1

[Event "AUTO-INT-1416"]
[Site "http://www.queenalice.com/game.php?id=695474"]
[Date "2009.12.9"]
[Round "2"]
[White "EvoPerovich"]
[Black "MHRangel"]
[Result "0-1"]
[WhiteElo "1947"]
[BlackElo "1812"]

1. e4 Nc6 2. d4 e6 3. Nf3 d5 4. exd5 exd5 5. Bb5 Nf6 6. O-O Bd6 7. Re1+ Be6 8.
Ng5 h6 9. Nxe6 fxe6 10. Rxe6+ Be7 11. Bxc6+ bxc6 12. Qe2 O-O 13. Rxe7 Ne4 14.
Rxe4 dxe4 15. Qxe4 Re8 16. Qxe8+ Qxe8 17. Be3 c5 18. dxc5 Qb5 19. b3 Qe2 20. Nd2
Rd8 21. Nf1 Qxc2 22. b4 Rd1 23. Rxd1 Qxd1 24. g3 Qb1 25. b5 Qxb5 0-1

[Event "egosofico"]
[Site "http://www.queenalice.com/game.php?id=702653"]
[Date "2009.12.23"]
[Round "2"]
[White "LUKK22"]
[Black "EvoPerovich"]
[Result "1-0"]
[WhiteElo "2249"]
[BlackElo "1930"]

1. g4 d5 2. Bg2 c6 3. c4 Bxg4 4. cxd5 cxd5 5. Qb3 e6 6. Qa4+ Nc6 7. Qxg4 Nf6 8.
Qa4 Bc5 9. Nc3 O-O 10. d3 Qb6 11. Nd1 Qb4+ 12. Qxb4 Bxb4+ 13. Bd2 Bxd2+ 14. Kxd2
Rfc8 15. Nc3 Ne5 16. Nf3 Nxf3+ 17. Bxf3 Rc7 18. Nb5 Rc5 19. a4 a6 20. b4 Rc6 21.
Nd4 Rc7 22. Rhc1 Rac8 23. a5 e5 24. Nf5 e4 25. Ne7+ Kf8 26. Nxc8 Rxc1 27. Rxc1
1-0

[Event "egosofico"]
[Site "http://www.queenalice.com/game.php?id=731765"]
[Date "2010.2.14"]
[Round "3"]
[White "EvoPerovich"]
[Black "bebop1"]
[Result "1/2-1/2"]
[WhiteElo "1968"]
[BlackElo "1948"]

1. e4 c5 2. Nf3 d6 3. d4 cxd4 4. Nxd4 Nf6 5. Nc3 Nc6 6. Be3 e5 7. Nxc6 bxc6 8.
Bc4 Be7 9. O-O O-O 10. Bb3 Bb7 11. Bg5 h6 12. Bh4 Re8 13. Qd3 Qd7 14. Rad1 Rad8
15. f4 a5 16. fxe5 dxe5 17. Qxd7 Rxd7 18. Rxd7 Nxd7 19. Bxf7+ Kf8 20. Bxe8+ Kxe8
21. Bxe7 Kxe7 22. a3 Nf6 23. Re1 1/2-1/2

[Event "AUTO-OPEN-1741"]
[Site "http://www.queenalice.com/game.php?id=760036"]
[Date "2010.4.12"]
[Round "2"]
[White "DORLISS"]
[Black "EvoPerovich"]
[Result "0-1"]
[WhiteElo "1832"]
[BlackElo "1965"]

1. e4 e5 2. Nf3 Nc6 3. Bb5 d6 4. O-O Bd7 5. Re1 Nf6 6. c3 Be7 7. h3 a6 8. Ba4 b5
9. Bb3 Na5 10. Bc2 c5 11. d4 Qc7 12. dxe5 dxe5 13. Nbd2 O-O 14. Nf1 Rad8 15. Qe2
h6 16. Ng3 Nc4 17. b3 Na5 18. Nf5 Bxf5 19. exf5 Nc6 20. Nxe5 Nxe5 21. Qxe5 Bd6
22. Qe2 Rfe8 23. Qf1 Nd5 24. c4 Nb4 25. Bb1 Be5 26. Bf4 Bxf4 27. Be4 Be5 28. a3
Bxa1 29. axb4 Bc3 30. Re2 Bxb4 31. Bd5 bxc4 32. bxc4 a5 33. Rxe8+ Rxe8 34. Qd3
Re1+ 0-1

[Event "AUTO-OPEN-1741"]
[Site "http://www.queenalice.com/game.php?id=760037"]
[Date "2010.4.12"]
[Round "2"]
[White "EvoPerovich"]
[Black "DORLISS"]
[Result "1-0"]
[WhiteElo "1967"]
[BlackElo "1799"]

1. e4 e5 2. Nf3 Nc6 3. Bb5 Nf6 4. O-O a6 5. Bxc6 bxc6 6. Nxe5 d6 7. Nxc6 Qd7 8.
Nd4 Be7 9. d3 O-O 10. Nc3 c6 11. Qf3 Rb8 12. Nf5 Bd8 13. Qg3 Nh5 14. Qxd6 Qb7
15. b3 Bc7 16. Qc5 Bb6 17. Nh6+ Kh8 18. Qxh5 gxh6 19. Bxh6 Re8 20. Qg5 Bd4 21.
Ne2 Rg8 22. Qf4 Bxa1 23. Rxa1 Rg6 24. Qe5+ Kg8 25. Qe8# 1-0

[Event "AUTO-OPEN-1741"]
[Site "http://www.queenalice.com/game.php?id=760042"]
[Date "2010.4.12"]
[Round "2"]
[White "jose_scalise"]
[Black "EvoPerovich"]
[Result "0-1"]
[WhiteElo "1699"]
[BlackElo "1976"]

1. e4 e5 2. Nf3 Nc6 3. Bc4 Nf6 4. d4 Nxe4 5. dxe5 d5 6. Qxd5 Qxd5 7. Bxd5 Bf5 8.
Nh4 Nb4 9. Bb3 Be6 10. Ba4+ c6 11. a3 Na6 12. Nd2 Nxd2 13. Bxd2 b5 14. Bb3 Bxb3
15. cxb3 Nc5 16. b4 Nd3+ 17. Ke2 Nxe5 18. Bc3 Bd6 19. Rad1 Bc7 20. Nf5 O-O 21.
Ne7+ Kh8 22. Bxe5 Bxe5 23. b3 Rfe8 24. Nxc6 Bb2+ 25. Kf3 Bxa3 26. Rd3 Re6 27.
Rhd1 g6 28. Rd8+ Rxd8 29. Rxd8+ Kg7 30. Nxa7 Bxb4 31. Nxb5 Be1 32. Rd6 Re5 33.
Nd4 Bb4 34. Ra6 Bc5 35. Ra4 Rd5 36. Ke4 Rd7 37. Rc4 Ba7 38. b4 Re7+ 39. Kf3 Re1
40. Nc6 Bb6 41. Nd4 Rd1 42. Nc2 Rf1 43. Ne3 Rb1 44. Nd5 Rb3+ 45. Rc3 Rxc3+ 46.
Nxc3 f5 47. Nd5 Bd4 48. b5 Kf7 49. b6 Ke6 0-1

[Event "AUTO-OPEN-1741"]
[Site "http://www.queenalice.com/game.php?id=760043"]
[Date "2010.4.12"]
[Round "2"]
[White "EvoPerovich"]
[Black "jose_scalise"]
[Result "0-1"]
[WhiteElo "1981"]
[BlackElo "1694"]

1. d4 Nf6 2. c4 e6 3. Nf3 b6 4. Nc3 Bb7 5. e3 h6 6. h3 Be7 7. Be2 d5 8. cxd5
Nxd5 9. Nxd5 exd5 10. O-O Nd7 11. Bd2 O-O 12. Rc1 Nf6 13. Qb3 Ne4 14. Bb4 c5 15.
dxc5 bxc5 16. Ba5 Qc8 17. Rfd1 Rb8 18. Qc2 c4 19. Nd4 Bh4 20. Rf1 Qe8 21. Nf5
Bf6 22. Bb4 Bc8 23. Nd6 Nxd6 24. Bxd6 Rxb2 25. Qd1 Be7 26. Bxe7 Qxe7 27. Bf3 Rd8
28. Bxd5 Be6 29. e4 Bxd5 30. exd5 Qc5 31. Qf3 Rxa2 32. Rfd1 a5 33. Rc3 a4 34.
Rdc1 Qxd5 35. Qf4 a3 36. Rxc4 Rb2 37. Ra1 a2 38. Kh2 Ra8 39. Rcc1 Rab8 40. Qc7
Re8 41. Rc5 Qd2 42. Rf5 Rf8 43. Qa7 Qd6+ 44. g3 Qd2 45. Ra5 Qxf2+ 46. Qxf2 Rxf2+
47. Kg1 Rb2 0-1